000 00970nam a2200253Ia 4500
003 OSt
005 20220923212323.0
006 a|||||r|||| 00| 0
007 ta
008 220922b |||||||| |||| 00| 0 hin d
024 _a152,210
037 _cTextual
040 _aARTS
_cARTS
_bhin
041 _2hin
_ahin
082 _aDelta25:3y7N21, 152M6
100 _aयोगेश्वर
_9156277
245 0 _aप्रकाश पथ का यात्री, भानुकुमार नायक भव्य अनु
246 _aPrakāsh path kā yātrī, bhānukumār nāyak bhavya anu0
260 _aवाराणसी
_b विश्वविद्यालय प्रकाशन
_c1986
300 _a197 पृ.
_ccm.
650 _aआध्यात्मिक अनुभव और रहस्यवाद
942 _hDelta25:3y7N21, 152M6
_cTEXL
_2CC
999 _c307859
_d307859